[Event "34th Rilton Cup"]
[Site "Stockholm SWE"]
[Date "2005.01.05"]
[Round "9.16"]
[White "Poley, Vladimir"]
[Black "Ask, Josef"]
[Result "1-0"]
[WhiteElo "2402"]
[BlackElo "2208"]
[EventDate "2004.12.27"]
[PlyCount "87"]

1.e4 e6 2.c4 c5 3.Nc3 Nc6 4.g3 Nf6 5.Bg2 Be7 6.Nge2 O-O 7.O-O d6 8.d4 cxd4
9.Nxd4 Bd7 10.Nc2 Ne5 11.b3 a6 12.a4 a5 13.Ne3 Bc6 14.f4 Ned7 15.g4 Nc5 
16.Qc2 Qb8 17.g5 Nfd7 18.Ncd5 Bd8 19.Rf3 b6 20.Rh3 g6 21.Ng4 exd5 22.exd5 
Bb7 23.Bb2 f6 24.Re1 Bc8 25.Qf2 Ra7 26.Qh4 Ne5 27.Nh6+ Kh8 28.fxe5 fxe5 
29.Rf3 Rxf3 30.Bxf3 Nd3 31.Rf1 Kg7 32.Bc3 Nc5 33.Bd1 Qc7 34.Bc2 Qe7 35.Rf6
Rd7 36.Ng4 Kg8 37.Bxg6 Qg7 38.Nh6+ Kh8 39.Nf5 Qg8 40.Nh6 Qg7 41.Nf7+ Kg8 
42.Nxd8 hxg6 43.Nc6 Nxb3 44.Rxd6 1-0

[Event "34th Rilton Cup"]
[Site "Stockholm SWE"]
[Date "2005.01.05"]
[Round "9.18"]
[White "Nygren, David"]
[Black "Nouro, Mikael"]
[Result "0-1"]
[WhiteElo "2204"]
[BlackElo "2361"]
[EventDate "2004.12.27"]
[PlyCount "82"]

1.e4 d6 2.d4 Nf6 3.Nc3 g6 4.f4 Bg7 5.Nf3 c5 6.Bb5+ Bd7 7.e5 Ng4 8.e6 Bxb5 
9.exf7+ Kd7 10.Nxb5 Qa5+ 11.Nc3 cxd4 12.Nxd4 Bxd4 13.Qxg4+ Qf5 14.Qxf5+ 
gxf5 15.Ne2 Bf6 16.Ng3 e6 17.Nh5 Be7 18.Bd2 Rf8 19.O-O-O Rxf7 20.Rhe1 Nc6 
21.Bc3 Rg8 22.Re2 Rg6 23.Ng3 h5 24.Nf1 h4 25.Nd2 Rf8 26.Nc4 Kc7 27.Rde1 b5
28.Na5 Nxa5 29.Bxa5+ Kd7 30.Bb4 Rfg8 31.Re3 Bd8 32.a4 a5 33.Bc3 Bb6 34.Rh3
b4 35.Bd2 Bf2 36.Re2 Rxg2 37.Kb1 Bg1 38.Rxg2 Rxg2 39.Be1 Rxh2 40.Rxh4 Rxh4
41.Bxh4 Be3 0-1

[Event "34th Rilton Cup"]
[Site "Stockholm SWE"]
[Date "2005.01.05"]
[Round "9.19"]
[White "Henriksson, Jacob"]
[Black "Couso, Luis"]
[Result "0-1"]
[WhiteElo "2215"]
[BlackElo "2339"]
[EventDate "2004.12.27"]
[PlyCount "72"]

1.d4 Nf6 2.c4 e6 3.Nc3 Bb4 4.Bg5 h6 5.Bh4 c5 6.d5 d6 7.e3 Bxc3+ 8.bxc3 e5 
9.f3 Qe7 10.Qb1 Nbd7 11.Bd3 Kd8 12.Ne2 Kc7 13.f4 exf4 14.exf4 g5 15.Bg3 
gxf4 16.Bxf4 Nh5 17.Bd2 Ne5 18.O-O Bg4 19.Nf4 Rag8 20.Kh1 Nf6 21.h3 Bc8 
22.Qe1 Kb8 23.Qh4 Nxd5 24.Qe1 Nxf4 25.Bxf4 Re8 26.Bxe5 dxe5 27.Be4 Rhf8 
28.Rb1 f5 29.Bd5 Qc7 30.Qd2 f4 31.Rxb7+ Bxb7 32.Rb1 Rd8 33.Qd3 Rxd5 34.
Qxd5 Ka8 35.Rxb7 Qxb7 36.Qxc5 Rg8 0-1

[Event "34th Rilton Cup"]
[Site "Stockholm SWE"]
[Date "2005.01.05"]
[Round "9.20"]
[White "Agrest, Roman"]
[Black "Backelin, Rikard"]
[Result "0-1"]
[WhiteElo "2107"]
[BlackElo "2304"]
[EventDate "2004.12.27"]
[PlyCount "73"]

1.b4 c6 2.c4 d5 3.e3 e5 4.Qb3 Nf6 5.Bb2 Bd6 6.Nf3 Qe7 7.c5 Bc7 8.d4 e4 9.
Ne5 Bxe5 10.dxe5 Nfd7 11.Qc3 O-O 12.Nd2 a5 13.a3 b6 14.Nb3 a4 15.Nd4 bxc5 
16.Nf5 Qe6 17.Nd6 Ba6 18.f4 Bxf1 19.Rxf1 f6 20.Nb7 fxe5 21.Nxc5 Nxc5 22.
Qxc5 Nd7 23.Qc3 Qg6 24.O-O-O exf4 25.Rxf4 Rxf4 26.exf4 Rf8 27.g3 Nb6 28.
Qc2 e3 29.Qxg6 hxg6 30.Kc2 Nc4 31.Bc1 g5 32.Re1 gxf4 33.gxf4 Rxf4 34.Kd3 
Ne5+ 35.Ke2 d4 36.h3 Rf2+ 37.Kd1 0-1

[Event "34th Rilton Cup"]
[Site "Stockholm SWE"]
[Date "2005.01.05"]
[Round "9.21"]
[White "Doggers, Peter"]
[Black "Maardell, Jimmy"]
[Result "1/2-1/2"]
[WhiteElo "2292"]
[BlackElo "2078"]
[EventDate "2004.12.27"]
[PlyCount "50"]

1.e4 c5 2.Nf3 d6 3.d4 cxd4 4.Nxd4 Nf6 5.Nc3 g6 6.Be3 Bg7 7.f3 O-O 8.Qd2 
Nc6 9.Bc4 Bd7 10.O-O-O Rc8 11.Bb3 Ne5 12.Kb1 Nc4 13.Bxc4 Rxc4 14.g4 b5 15.
b3 Rc8 16.Ndxb5 a6 17.Nd4 Qc7 18.Nd5 Nxd5 19.exd5 e5 20.Ne2 e4 21.Nd4 exf3
22.h3 Rfe8 23.Rh2 Qc3 24.Qxc3 Rxc3 25.Bf2 Bb5 1/2-1/2

[Event "34th Rilton Cup"]
[Site "Stockholm SWE"]
[Date "2005.01.05"]
[Round "9.24"]
[White "Adler, Bo"]
[Black "Stenson, Johan"]
[Result "1/2-1/2"]
[WhiteElo "2192"]
[BlackElo "2099"]
[EventDate "2004.12.27"]
[PlyCount "120"]

1.e4 c6 2.d4 d5 3.e5 Bf5 4.Nf3 e6 5.c4 dxc4 6.Bxc4 Ne7 7.O-O Nd7 8.Nc3 Nb6
9.Be2 Ned5 10.Bg5 Be7 11.Qd2 O-O 12.h3 h6 13.Be3 Qc7 14.g4 Bg6 15.h4 Nxe3 
16.fxe3 Qd8 17.h5 Bh7 18.e4 Bg5 19.Nxg5 Qxg5 20.Qxg5 hxg5 21.Kf2 Nd7 22.
Rac1 c5 23.Bb5 cxd4 24.Bxd7 dxc3 25.Ke3 Rfd8 26.Rfd1 cxb2 27.Rc7 b5 28.Rb1
b4 29.Rxb2 a5 30.Rf2 Rf8 31.Ba4 Rac8 32.Rfc2 Rb8 33.Ra7 Ra8 34.Rcc7 Rxa7 
35.Rxa7 f6 36.Bb3 fxe5 37.Bxe6+ Kh8 38.Rxa5 Re8 39.Bf7 Rf8 40.Bb3 Re8 41.
Ba4 Rc8 42.Rxe5 Bg8 43.Rxg5 Bxa2 44.Rb5 b3 45.Kf4 Rf8+ 46.Kg5 Re8 47.Rxb3 
Re5+ 48.Kf4 Bxb3 49.Bxb3 Re7 50.g5 Kh7 51.e5 Rb7 52.Bd5 Rb5 53.Bf7 Rb2 54.
Kf5 Rg2 55.e6 Re2 56.Kf4 Re1 57.Kf5 Re2 58.Kg4 Re1 59.Kf4 Re2 60.Kf5 Re1 
1/2-1/2

[Event "34th Rilton Cup"]
[Site "Stockholm SWE"]
[Date "2005.01.05"]
[Round "9.25"]
[White "Johansson, Viktoria"]
[Black "Nyland, Thomas"]
[Result "1/2-1/2"]
[WhiteElo "2189"]
[BlackElo "2008"]
[EventDate "2004.12.27"]
[PlyCount "166"]

1.d4 d5 2.c4 c6 3.Nc3 Nf6 4.e3 Bf5 5.Qb3 Qb6 6.c5 Qxb3 7.axb3 Nbd7 8.b4 e5
9.b5 exd4 10.exd4 Be7 11.bxc6 bxc6 12.Ba6 Rb8 13.Nf3 O-O 14.O-O Ne4 15.Re1
Bd8 16.Bd3 Rb7 17.Bxe4 dxe4 18.Nxe4 Bc7 19.Nc3 Bb8 20.Ra5 Bc7 21.Ra6 Nb8 
22.Ra3 Rd8 23.d5 cxd5 24.Nxd5 Be6 25.Nxc7 Rxc7 26.b4 Rb7 27.Bg5 Rc8 28.Bd2
Nc6 29.Rb1 Rb5 30.Ra6 Bc4 31.Rc1 Bd5 32.Ne1 Nxb4 33.Bxb4 Rxb4 34.Rxa7 Kf8 
35.h3 Rb5 36.Nd3 f6 37.Ra3 Be4 38.Nf4 g5 39.Nh5 Rbxc5 40.Rxc5 Rxc5 41.Nxf6
Rc1+ 42.Kh2 Bg6 43.Ra7 h6 44.Nd7+ Kg8 45.Nf6+ Kf8 46.Ng4 h5 47.Ne5 Be8 48.
Nf3 Rc5 49.Nd2 Bg6 50.f3 Rd5 51.Ne4 Bxe4 52.fxe4 Re5 53.Rd7 Rxe4 54.Rd5 
Kg7 55.Rxg5+ Kh6 56.Ra5 Re3 57.Kg1 Re2 58.Kf1 Rb2 59.Re5 Kg6 60.Re2 Rb3 
61.Kf2 Kf5 62.Re3 Rb1 63.Ra3 Rb5 64.Kg3 Kg5 65.h4+ Kg6 66.Ra6+ Kf5 67.Kh3 
Rb3+ 68.g3 Rb5 69.Rh6 Ke4 70.Rg6 Rd5 71.Rf6 Rf5 72.Re6+ Kd5 73.Re8 Re5 74.
Rg8 Ke6 75.Rg6+ Kf7 76.Rb6 Kg7 77.Kg2 Re3 78.Kf2 Ra3 79.Re6 Kf7 80.Re3 
Rxe3 81.Kxe3 Ke7 82.Ke4 Ke6 83.Kf4 Kf6 1/2-1/2

[Event "34th Rilton Cup"]
[Site "Stockholm SWE"]
[Date "2005.01.05"]
[Round "9.27"]
[White "Lohou, Stephane"]
[Black "Lardot, Derik"]
[Result "0-1"]
[WhiteElo "2167"]
[BlackElo "2029"]
[EventDate "2004.12.27"]
[PlyCount "62"]

1.e4 e5 2.f4 Nc6 3.Nc3 exf4 4.d4 Qh4+ 5.Ke2 b6 6.a4 Ba6+ 7.Nb5 O-O-O 8.Nf3
Qg4 9.Kf2 Bb7 10.Bd3 a6 11.Nc3 g5 12.Nd5 Nge7 13.c4 Bg7 14.Nxe7+ Nxe7 15.
a5 Nc6 16.Be2 Rde8 17.d5 Nxa5 18.Qc2 Qh5 19.Bd2 g4 20.Bxa5 bxa5 21.c5 c6 
22.Rhd1 gxf3 23.Bxf3 Qe5 24.Rd2 cxd5 25.c6 dxc6 26.Rxa5 Kb8 27.Qb3 Ka7 28.
Qa4 Re6 29.Be2 c5 30.Rxd5 Qxe4 31.Rxa6+ Bxa6 0-1

[Event "34th Rilton Cup"]
[Site "Stockholm SWE"]
[Date "2005.01.05"]
[Round "9.28"]
[White "Jiretorn, Eva"]
[Black "Janse, Rasmus"]
[Result "1-0"]
[WhiteElo "2145"]
[BlackElo "1999"]
[EventDate "2004.12.27"]
[PlyCount "191"]

1.d4 g6 2.Nf3 Bg7 3.c4 d6 4.Nc3 Nd7 5.e4 e5 6.Be2 Ngf6 7.O-O O-O 8.Re1 Qe7
9.Bf1 a5 10.h3 h6 11.Rb1 c6 12.b3 Rd8 13.Ba3 b6 14.Qd2 c5 15.dxc5 dxc5 16.
Nd5 Nxd5 17.exd5 f5 18.Bb2 e4 19.Nh2 Bxb2 20.Rxb2 Qg7 21.f3 Nf6 22.Qc3 Re8
23.fxe4 Nxe4 24.Qxg7+ Kxg7 25.Bd3 Nd6 26.Rxe8 Nxe8 27.Re2 Kf7 28.Nf3 Nd6 
29.Ne5+ Kf6 30.Kf2 Nf7 31.Nxf7 Kxf7 32.Kf3 Bd7 33.g4 Rg8 34.Rg2 Re8 35.Re2
Rg8 36.Rg2 Re8 37.Rg1 Kf6 38.gxf5 gxf5 39.h4 Re7 40.Kf4 Be8 41.Bxf5 Re2 
42.Be6 Bg6 43.Rd1 Bh5 44.Rd3 Bg6 45.Rd1 Bc2 46.Rf1 Bg6 47.Rd1 Bc2 48.Rf1 
Bg6 49.Bg4 Re4+ 50.Kg3+ Ke7 51.d6+ Kd8 52.d7 Ke7 53.Rd1 Rd4 54.Rxd4 cxd4 
55.Kf4 Bb1 56.a3 Ba2 57.Bd1 a4 58.bxa4 Bxc4 59.Ke4 d3 60.Kd4 Ba6 61.Bg4 
Kd8 62.Kc3 Kc7 63.Bf5 Bb7 64.Kxd3 Bc6 65.Kd4 Bxa4 66.Ke5 Bd1 67.Ke6 Kd8 
68.Kd6 Be2 69.Kc6 b5 70.Kd6 Bf1 71.Be4 Be2 72.Bc6 Bg4 73.Bxb5 h5 74.Kc5 
Kc7 75.a4 Bf3 76.a5 Bb7 77.Kd4 Kd8 78.Ke5 Ke7 79.Kf5 Kd8 80.Ke6 Bf3 81.Kf6
Bg2 82.Kg5 Bf3 83.a6 Ke7 84.a7 Kd8 85.a8=Q+ Bxa8 86.Kxh5 Ke7 87.Kg6 Be4+ 
88.Kg5 Bh7 89.Kh6 Bf5 90.Kg7 Bg4 91.Kg6 Bd1 92.h5 Bc2+ 93.Kg7 Bf5 94.h6 
Be4 95.h7 Bxh7 96.Kxh7 1-0

[Event "34th Rilton Cup"]
[Site "Stockholm SWE"]
[Date "2005.01.05"]
[Round "9.29"]
[White "Jensen, Leif Haugaard"]
[Black "Todorovic, Zoran"]
[Result "1-0"]
[WhiteElo "2067"]
[BlackElo "2134"]
[EventDate "2004.12.27"]
[PlyCount "91"]

1.e4 c5 2.g3 g6 3.Bg2 Bg7 4.c3 Qa5 5.f4 e6 6.Nf3 Ne7 7.O-O d6 8.d3 O-O 9.
Be3 Qc7 10.Qc2 b6 11.Nbd2 Bb7 12.Nh4 Nd7 13.f5 exf5 14.exf5 Bxg2 15.Kxg2 
Nd5 16.Bf2 Ne5 17.Nc4 Qc6 18.Kg1 Ng4 19.h3 Nxf2 20.Qxf2 Nf6 21.g4 d5 22.
Ne5 Qc7 23.Nef3 Rfe8 24.Rae1 c4 25.d4 Ne4 26.Qh2 Qd7 27.fxg6 hxg6 28.Nd2 
Bh6 29.Nxe4 Rxe4 30.Rxe4 dxe4 31.Re1 Re8 32.Qe2 b5 33.Nf3 Bf4 34.Nd2 Qe7 
35.Qxe4 Qxe4 36.Rxe4 Rxe4 37.Nxe4 Kf8 38.Kf2 f5 39.gxf5 gxf5 40.Kf3 Bc1 
41.Nd6 a6 42.b3 Ba3 43.Nxf5 b4 44.bxc4 bxc3 45.Ne3 Ke7 46.Nd5+ 1-0

[Event "34th Rilton Cup"]
[Site "Stockholm SWE"]
[Date "2005.01.05"]
[Round "9.32"]
[White "Ullen, Jan"]
[Black "Karlsson, Tomas"]
[Result "0-1"]
[WhiteElo "2128"]
[BlackElo "2267"]
[EventDate "2004.12.27"]
[PlyCount "82"]

1.e4 e6 2.d4 d5 3.Nc3 Bb4 4.a3 Bxc3+ 5.bxc3 Ne7 6.Qg4 O-O 7.e5 c5 8.Bd3 
Nbc6 9.Nf3 f5 10.exf6 Rxf6 11.Qh5 h6 12.Ne5 Nxe5 13.dxe5 Rf7 14.Bh7+ Kf8 
15.O-O Bd7 16.a4 Be8 17.Qh3 Qd7 18.Re1 Rc8 19.g4 Rc6 20.a5 Qc7 21.Bd2 Ra6 
22.g5 g6 23.Bxg6 Nxg6 24.gxh6 Kg8 25.Re3 Kh7 26.Rae1 Rf5 27.Rg3 Qf7 28.f4 
Rc6 29.Re2 Rc7 30.Reg2 Qe7 31.Rg5 Qf8 32.R2g4 Re7 33.Qg3 Rxg5 34.Rxg5 Nh8 
35.h4 Bg6 36.h5 Bf5 37.Be3 b6 38.axb6 axb6 39.Qf2 Qxh6 40.Bxc5 bxc5 41.
Qxc5 Rg7 0-1

[Event "34th Rilton Cup"]
[Site "Stockholm SWE"]
[Date "2005.01.05"]
[Round "9.33"]
[White "Azizi, Haroon"]
[Black "Hagberg, Martin"]
[Result "1-0"]
[WhiteElo "2124"]
[BlackElo "2203"]
[EventDate "2004.12.27"]
[PlyCount "62"]

1.e4 e6 2.d3 d5 3.Nd2 Nf6 4.Ngf3 dxe4 5.dxe4 Bc5 6.Bd3 Ng4 7.O-O Nd7 8.Nc4
c6 9.Bf4 Nb6 10.Ncd2 Qe7 11.a3 e5 12.Bg3 f6 13.b4 Bd6 14.c4 c5 15.Nb3 Be6 
16.Nfd2 Na4 17.Qc2 h5 18.h4 g5 19.Nf3 Rc8 20.Rfd1 Rg8 21.Bf1 Nb6 22.Rac1 
cxb4 23.c5 Qf7 24.Rxd6 Bxb3 25.Qd2 Nc4 26.Bxc4 Bxc4 27.Qxb4 Be6 28.Rcd1 
gxh4 29.Nxh4 Ne3 30.R1d3 Nc4 31.Qb5+ Kf8 1-0

[Event "34th Rilton Cup"]
[Site "Stockholm SWE"]
[Date "2005.01.05"]
[Round "9.34"]
[White "Lappalainen, Tommy"]
[Black "Isaksson, Per"]
[Result "0-1"]
[WhiteElo "2188"]
[BlackElo "2072"]
[EventDate "2004.12.27"]
[PlyCount "38"]

1.Nf3 c5 2.b3 d5 3.e3 Nf6 4.Bb5+ Nbd7 5.Bb2 e6 6.O-O Bd6 7.d3 O-O 8.Nbd2 
a6 9.Bxd7 Nxd7 10.e4 d4 11.a4 b6 12.Nc4 Bc7 13.b4 Bb7 14.bxc5 bxc5 15.Ba3 
f5 16.Nfd2 Qh4 17.f4 Bxf4 18.g3 Bxg3 19.Qe2 Bc7 0-1

[Event "34th Rilton Cup"]
[Site "Stockholm SWE"]
[Date "2005.01.05"]
[Round "9.35"]
[White "Horn, Emilia"]
[Black "Haapasalo, Jukka-Pekka"]
[Result "1/2-1/2"]
[WhiteElo "2046"]
[BlackElo "2182"]
[EventDate "2004.12.27"]
[PlyCount "24"]

1.e4 c5 2.Nf3 e6 3.d3 Nc6 4.g3 d5 5.Nbd2 Bd6 6.Bg2 Nge7 7.O-O O-O 8.Re1 
Qc7 9.Qe2 f6 10.h4 Bd7 11.c3 b5 12.Nf1 d4 1/2-1/2

[Event "34th Rilton Cup"]
[Site "Stockholm SWE"]
[Date "2005.01.05"]
[Round "9.36"]
[White "McGowan, Daniel"]
[Black "Pukkila, Markku"]
[Result "1/2-1/2"]
[WhiteElo "2098"]
[BlackElo "2181"]
[EventDate "2004.12.27"]
[PlyCount "34"]

1.d4 d5 2.Nf3 Nf6 3.e3 Bf5 4.Bd3 Bxd3 5.Qxd3 c6 6.b3 e6 7.Bb2 Be7 8.Nbd2 
O-O 9.O-O Nbd7 10.e4 dxe4 11.Nxe4 c5 12.Rfd1 Qc7 13.c4 cxd4 14.Bxd4 Rfd8 
15.Qe2 Qf4 16.Nxf6+ Bxf6 17.Bxf6 Nxf6 1/2-1/2

[Event "34th Rilton Cup"]
[Site "Stockholm SWE"]
[Date "2005.01.05"]
[Round "9.37"]
[White "Aadahl, Mattias"]
[Black "Janse, Love"]
[Result "1/2-1/2"]
[WhiteElo "2164"]
[BlackElo "2100"]
[EventDate "2004.12.27"]
[PlyCount "95"]

1.d4 f5 2.c4 Nf6 3.Nc3 d6 4.Nf3 g6 5.g3 Bg7 6.Bg2 O-O 7.O-O Qe8 8.Nd5 Nxd5
9.cxd5 Qb5 10.Ne1 c6 11.Bg5 Re8 12.Qd2 cxd5 13.a4 Qb3 14.Ra3 Qc4 15.Rc3 
Qxd4 16.Bxd5+ Kf8 17.Qxd4 Bxd4 18.Bh6+ Bg7 19.Bxg7+ Kxg7 20.Rxc8 Rxc8 21.
Bxb7 Nd7 22.Nd3 Rab8 23.Bxc8 Rxc8 24.b4 Kf6 25.Rb1 e5 26.Kf1 e4 27.Nc1 Rb8
28.Na2 d5 29.Ke1 d4 30.Rc1 Nb6 31.a5 Nd5 32.Rc4 Ke5 33.Kd2 g5 34.e3 dxe3+ 
35.fxe3 Rd8 36.Ke2 f4 37.gxf4+ gxf4 38.exf4+ Nxf4+ 39.Ke1 Nd3+ 40.Kf1 Rf8+
41.Kg1 Kf4 42.Nc3 Re8 43.b5 Kf3 44.Nxe4 Re5 45.Nd2+ Ke2 46.Ne4 Kf3 47.Nd2+
Ke2 48.Ne4 1/2-1/2

[Event "34th Rilton Cup"]
[Site "Stockholm SWE"]
[Date "2005.01.05"]
[Round "9.39"]
[White "Miloradovic, Jelena"]
[Black "Penttilae, Tero"]
[Result "1/2-1/2"]
[WhiteElo "2133"]
[BlackElo "2006"]
[EventDate "2004.12.27"]
[PlyCount "36"]

1.Nf3 Nf6 2.c4 b6 3.g3 Bb7 4.Bg2 e6 5.O-O Be7 6.b3 c5 7.Bb2 O-O 8.e3 d5 9.
Nc3 Nc6 10.cxd5 exd5 11.d4 Re8 12.Rc1 Bf8 13.dxc5 Bxc5 14.Ne2 Ba6 15.a3 
Ng4 16.Nfd4 Nxd4 17.Nxd4 Ne5 18.Ne2 Nd3 1/2-1/2

[Event "34th Rilton Cup"]
[Site "Stockholm SWE"]
[Date "2005.01.05"]
[Round "9.41"]
[White "Vaenman, Kent"]
[Black "Cleanthous, Demetris"]
[Result "1-0"]
[WhiteElo "2189"]
[BlackElo "2051"]
[EventDate "2004.12.27"]
[PlyCount "97"]

1.d4 d5 2.c4 c6 3.cxd5 cxd5 4.Nc3 Nf6 5.Nf3 Nc6 6.Bf4 a6 7.e3 Bf5 8.Be2 e6
9.a3 Bd6 10.Bg3 h6 11.Rc1 Bxg3 12.hxg3 O-O 13.b4 Re8 14.Qb3 Rc8 15.O-O Ne4
16.Nxe4 Bxe4 17.Nd2 Bg6 18.Rc5 b6 19.Rc3 Nb8 20.Rfc1 Rxc3 21.Qxc3 Kh7 22.
a4 Re7 23.a5 bxa5 24.bxa5 Rb7 25.Nb3 Qd6 26.Nc5 Rc7 27.Qb2 Rc6 28.Rc3 Nd7 
29.Qb4 Nxc5 30.Rxc5 f6 31.Qc3 Be8 32.Rxc6 Qxc6 33.Qxc6 Bxc6 34.Bxa6 Kg8 
35.Kf1 Kf7 36.Ke2 Ke7 37.Kd2 e5 38.Kc3 Kd6 39.Kb4 h5 40.Bb5 Bb7 41.Be8 
exd4 42.exd4 Ba6 43.Bxh5 Bf1 44.Bg6 Be2 45.Be8 Ba6 46.Bb5 Bc8 47.a6 g5 48.
g4 Kc7 49.Kc5 1-0

[Event "34th Rilton Cup"]
[Site "Stockholm SWE"]
[Date "2005.01.05"]
[Round "9.42"]
[White "Palmblad, Jan-Peter"]
[Black "Wilsbeck, Jan Boerge"]
[Result "1-0"]
[WhiteElo "2148"]
[BlackElo "1947"]
[EventDate "2004.12.27"]
[PlyCount "73"]

1.e4 c5 2.Nf3 e6 3.c3 Nf6 4.e5 Nd5 5.d4 cxd4 6.cxd4 Nc6 7.Nc3 Nxc3 8.bxc3 
d6 9.exd6 Bxd6 10.Bd3 Qa5 11.Qb3 a6 12.O-O O-O 13.Ng5 g6 14.Ne4 Be7 15.f4 
Qd5 16.Be3 Na5 17.Qc2 Nc4 18.Bc1 Kg7 19.Ng5 f5 20.Qe2 b5 21.Re1 Bxg5 22.
fxg5 Re8 23.Bf4 Bb7 24.Bxc4 bxc4 25.Qe5+ Qxe5 26.Bxe5+ Kf7 27.Rab1 Re7 28.
Rb4 a5 29.Rxc4 Bd5 30.Rc5 Rb7 31.c4 Be4 32.Rb5 Rxb5 33.cxb5 Rc8 34.b6 Rc2 
35.Rxe4 fxe4 36.b7 e3 37.Kf1 1-0

[Event "34th Rilton Cup"]
[Site "Stockholm SWE"]
[Date "2005.01.05"]
[Round "9.44"]
[White "Aasberg, Anders"]
[Black "Hammar, Ulf"]
[Result "0-1"]
[WhiteElo "1954"]
[BlackElo "2119"]
[EventDate "2004.12.27"]
[PlyCount "44"]

1.e4 e6 2.d4 d5 3.Nc3 Bb4 4.e5 c5 5.a3 Bxc3+ 6.bxc3 Ne7 7.Qg4 Qc7 8.Bd2 
cxd4 9.cxd4 Qxc2 10.Rc1 Qe4+ 11.Qxe4 dxe4 12.Ne2 Nbc6 13.Be3 O-O 14.Nc3 
Nf5 15.Rd1 Rd8 16.Ne2 b6 17.g4 Nh4 18.Bh3 Nf3+ 19.Kf1 Ba6 20.g5 Ncxd4 21.
Bxd4 Nxd4 22.Bg4 Nxe2 0-1

[Event "34th Rilton Cup"]
[Site "Stockholm SWE"]
[Date "2005.01.05"]
[Round "9.45"]
[White "Styf, Josef"]
[Black "Nystroem, Ragnar"]
[Result "1/2-1/2"]
[WhiteElo "2087"]
[BlackElo "2082"]
[EventDate "2004.12.27"]
[PlyCount "43"]

1.d4 d5 2.Nf3 Nf6 3.g3 e6 4.Bg2 Be7 5.O-O O-O 6.c4 Nbd7 7.b3 Re8 8.Qc2 c6 
9.Nbd2 Bd6 10.Bb2 e5 11.dxe5 Nxe5 12.Rad1 Qe7 13.Rfe1 dxc4 14.Nxc4 Nxf3+ 
15.Bxf3 Bb4 16.Bc3 Bxc3 17.Qxc3 Be6 18.Nd6 Red8 19.Qe5 Nd5 20.Bxd5 Rxd6 
21.Bxe6 Rxe6 22.Qd4 1/2-1/2

[Event "34th Rilton Cup"]
[Site "Stockholm SWE"]
[Date "2005.01.05"]
[Round "9.46"]
[White "Ozga, Magdalena"]
[Black "Heden, Gustav"]
[Result "1-0"]
[WhiteElo "1911"]
[BlackElo "2116"]
[EventDate "2004.12.27"]
[PlyCount "111"]

1.e4 c5 2.Nc3 Nc6 3.g3 g6 4.Bg2 Bg7 5.d3 e6 6.Be3 b6 7.Qd2 Bb7 8.Nge2 Ne5 
9.h3 f5 10.Bg5 Ne7 11.O-O-O Nf7 12.Bf4 O-O 13.h4 h6 14.Rdg1 d5 15.exf5 
gxf5 16.g4 e5 17.Bh2 fxg4 18.f3 Nf5 19.fxg4 Nxh4 20.Kb1 Ng5 21.Ng3 Nhf3 
22.Qe2 Nxg1 23.Bxg1 Qd7 24.Nf5 Qe6 25.Be3 Rab8 26.Nxd5 Rf7 27.Bxg5 hxg5 
28.Nde3 e4 29.dxe4 Bxe4 30.Nxg7 Rxg7 31.Bxe4 Qxe4 32.Qh2 Re8 33.Qh8+ Kf7 
34.Rf1+ Ke6 35.Qxe8+ Re7 36.Qc8+ Ke5 37.Qf5+ Qxf5 38.Nxf5 Rd7 39.Kc1 Ke4 
40.c3 Rd8 41.Rd1 Rh8 42.Kc2 Kf4 43.Rg1 Rh2+ 44.Kb3 Rd2 45.Rg3 Re2 46.c4 
Rd2 47.a3 Re2 48.Kc3 Re1 49.b4 Rc1+ 50.Kb3 cxb4 51.axb4 Rb1+ 52.Ka4 a5 53.
c5 Ra1+ 54.Kb3 b5 55.c6 Rb1+ 56.Kc2 1-0

[Event "34th Rilton Cup"]
[Site "Stockholm SWE"]
[Date "2005.01.05"]
[Round "9.48"]
[White "Oerndahl, Markus"]
[Black "Dalmau, Anneli"]
[Result "0-1"]
[WhiteElo "1983"]
[BlackElo "2087"]
[EventDate "2004.12.27"]
[PlyCount "82"]

1.e4 e5 2.Nf3 Nc6 3.Bb5 a6 4.Ba4 Nf6 5.O-O Be7 6.Re1 b5 7.Bb3 d6 8.h3 Na5 
9.c3 Nxb3 10.Qxb3 c5 11.d4 exd4 12.cxd4 c4 13.Qc2 O-O 14.d5 Nd7 15.Be3 Bf6
16.Nc3 Qc7 17.Rac1 Bb7 18.Ne2 Rfc8 19.Red1 Qa5 20.Qb1 Qd8 21.Ne1 a5 22.f4 
Nc5 23.Bxc5 Rxc5 24.Nf3 g6 25.Ned4 Bg7 26.Rc2 Qe8 27.Re1 Rac8 28.Qc1 b4 
29.a3 Qa4 30.axb4 axb4 31.Rd1 c3 32.b3 Qa7 33.Qe3 Ra5 34.Rdc1 Re8 35.Qd3 
Ba6 36.Qe3 Rxd5 37.Rd1 Ra5 38.Kf2 Bb7 39.e5 Bxf3 40.Nxf3 Qxe3+ 41.Kxe3 
dxe5 0-1

[Event "34th Rilton Cup"]
[Site "Stockholm SWE"]
[Date "2005.01.05"]
[Round "9.50"]
[White "Dalmau, Juan"]
[Black "Bernholdsson, Svante"]
[Result "1-0"]
[WhiteElo "2055"]
[BlackElo "1955"]
[EventDate "2004.12.27"]
[PlyCount "49"]

1.e4 c5 2.Nf3 d6 3.c3 Nf6 4.Bc4 e6 5.d3 Be7 6.O-O O-O 7.Re1 Nc6 8.Bb3 Bd7 
9.d4 cxd4 10.cxd4 Na5 11.Bc2 Qc7 12.Nc3 Bc6 13.Bg5 b5 14.Rc1 Qb7 15.Qd3 
Nc4 16.Bb1 e5 17.b3 Na3 18.dxe5 dxe5 19.Nxe5 Rad8 20.Qe2 Rd6 21.Nxc6 Rxc6 
22.Bd3 Bb4 23.Bxf6 gxf6 24.e5 Rd8 25.Be4 1-0

[Event "34th Rilton Cup"]
[Site "Stockholm SWE"]
[Date "2005.01.05"]
[Round "9.51"]
[White "Helin, Mikael"]
[Black "Toecklin, Tomi"]
[Result "1-0"]
[WhiteElo "1961"]
[BlackElo "1969"]
[EventDate "2004.12.27"]
[PlyCount "49"]

1.e4 c6 2.d4 d5 3.f3 e5 4.dxe5 dxe4 5.Qxd8+ Kxd8 6.Bc4 Be6 7.Bxe6 fxe6 8.
fxe4 Nd7 9.Nf3 Bc5 10.c3 h6 11.Nbd2 Ne7 12.Nc4 Ng6 13.h4 b5 14.Nd6 Ke7 15.
b4 Bxd6 16.exd6+ Kxd6 17.h5 Ne7 18.Bf4+ e5 19.Rd1+ Ke6 20.Bh2 Rhf8 21.Ke2 
Ng8 22.Rd3 Ndf6 23.Bxe5 Nxe4 24.Re3 Kf5 25.g4+ 1-0